Movies Quiz

Random Movies or Blitz Quiz
Score 0/30 Timer 01:00
136 Plays Today
% Correct
The Little Mermaid
67.2%
Frozen
66.5%
The Lion King
66.4%
Snow White and the Seven Dwarfs
65.4%
Peter Pan
63.9%
Beauty and the Beast
63.7%
The Jungle Book
62.9%
Aladdin
60.7%
Bambi
59.9%
Pinocchio
59.3%
Hercules
58.7%
Sleeping Beauty
57%
Alice in Wonderland
56.5%
The Princess and the Frog
55.8%
The Hunchback of Notre Dame
53.3%
% Correct
Robin Hood
52.5%
The Sword in the Stone
52%
Tangled
49.2%
One Hundred and One Dalmatians
48.5%
Mulan
45.8%
Big Hero 6
45%
The Aristocats
44.7%
Pocahontas
43.8%
Wreck-It Ralph
33.5%
Tarzan
31%
Atlantis: The Lost Empire
27.1%
Brother Bear
26.8%
Treasure Planet
26.3%
Dumbo
21.4%
Lilo & Stitch
20.3%
Remove Ads.
Support Sporcle.
Get the best of Sporcle when you Go Orange. This ad-free experience offers more features, more stats, and more fun while also helping to support Sporcle. Thank you for becoming a member.

You're not logged in!

Compare scores with friends on all Sporcle quizzes.
OR
Log In

Show Comments

Extras

Top Quizzes Today


Score Distribution

Your Account Isn't Verified!

In order to create a playlist on Sporcle, you need to verify the email address you used during registration. Go to your Sporcle Settings to finish the process.

Report this User

Report this user for behavior that violates our Community Guidelines.

Details: